कथाकार र्निल वर्मा दृष्टि अौर सृष्टि (Record no. 54601)
[ view plain ]
| 000 -LEADER | |
|---|---|
| fixed length control field | 00549nam a22001577a 4500 |
| 003 - CONTROL NUMBER IDENTIFIER | |
| control field | MACL |
| 005 - DATE AND TIME OF LATEST TRANSACTION | |
| control field | 20160721153635.0 |
| 008 - FIXED-LENGTH DATA ELEMENTS--GENERAL INFORMATION | |
| fixed length control field | 160721b xxu||||| |||| 00| 0 eng d |
| 040 ## - CATALOGING SOURCE | |
| Transcribing agency | MACL |
| 041 ## - LANGUAGE CODE | |
| Language code of text/sound track or separate title | Hindi |
| 082 ## - DEWEY DECIMAL CLASSIFICATION NUMBER | |
| Classification number | 800 NIR |
| 100 ## - MAIN ENTRY--PERSONAL NAME | |
| Personal name | राय, आलोक |
| 9 (RLIN) | 64889 |
| 245 ## - TITLE STATEMENT | |
| Title | कथाकार र्निल वर्मा दृष्टि अौर सृष्टि |
| Statement of responsibility, etc. | अालोक राय |
| 260 ## - PUBLICATION, DISTRIBUTION, ETC. (IMPRINT) | |
| Place of publication, distribution, etc. | नई दिल्ली |
| Name of publisher, distributor, etc. | पुस्तक प्रतिष्ठान |
| Date of publication, distribution, etc. | 2015 |
| 942 ## - ADDED ENTRY ELEMENTS (KOHA) | |
| Source of classification or shelving scheme | |
| Koha item type | Hindi Books |
| Withdrawn status | Lost status | Source of classification or shelving scheme | Damaged status | Not for loan | Home library | Current library | Date acquired | Cost, normal purchase price | Total Checkouts | Total Renewals | Full call number | Barcode | Date last seen | Date last checked out | Price effective from | Koha item type |
|---|---|---|---|---|---|---|---|---|---|---|---|---|---|---|---|---|
| MACL | MACL | 21/07/2016 | 500.00 | 1 | 1 | 800 NIR | CRH032139 | 17/08/2023 | 20/07/2023 | 21/07/2016 | Hindi Books |









